02068nam a2200277 i 4500003000400000008004100004020003800045040002500083082001500108100003000123245005100153250003000204264003400234300002400268336002100292337002500313338002300338520127800361650002301639650002001662650002501682650002101707650002101728655002001749655002101769OSt230207s2021 nyu g 000 f eng d a9780399179709cRM42.50qpaperback aPPAKbengcPPAKerda04223a813.541 aSteel, Danielle,eauthor.10aAll That Glitters :bA Novel /cDANIELLE STEEL aDell Mass Market Edition  1aNew York, NY, :bDell, c2021 a384 pages ;c18 cm. atext2rdacontent aunmediated2rdamedia avolume2rdacarrier a"Nicole "Coco" Martin is destined to have it all. As the only child of doting and successful parents, she has been given every opportunity in life. Having inherited her mother's stunning beauty and creativity, along with her father's work ethic and diligence, she has the world at her feet. Her graduation from Columbia is fast approaching, and with it the summer job of her dreams working at a magazine. Between work, leisurely weekends at her family's home in Southampton, and spending as much time as possible with her best friend, Sam, life couldn't be better - until tragedy strikes. Coco's beloved parents are killed in a terrorist attack while on vacation in France. Now devastated and alone, Coco must find a way to move forward and make her way in the world without the family she loved. Determined to forge her own path and make her parents proud, Coco pursues her dreams, dazzled by exciting opportunities that come her way. Her goals are to think outside the box - and always play by her own rules. As she finds herself drawn to charismatic, fascinating men, each relationship will teach Coco new lessons, some delightful, some painful. She will come to realize what matters, and how strong she truly is - and in the end, she will discover herself."--Publisher.10aFamilies vFiction20aGrief vFiction20aFriendship vFiction20aSuccessvFiction20aOrphansvFiction 7aBildungsromans. 7aRomance fiction.